000 03001ncm0a2200505 4500
001 RU\NLR\ONIZ\224637
005 20250626145807.0
035 _aRU\NLR\ONIZ\SOPHY\5000005350\20181204123659
035 _a(NLR Aleph) 011903705
071 2 0 _a№ 4330-4344
090 _a10897041
_c10897041
100 _a20181204d1861 |||y0rusy50 ca
101 0 _arus
102 _aRU
125 _acx
128 _aop
135 _acrgn 008anaba
145 0 _ac
200 1 _aНаташа или Волжские разбойники
_bНоты
_eопера в двух действиях
_eаранжированная для пения с фортепиано
_fмузыка К. П. Вильбоа
210 _aС.П.бург
_cу Ф. Стелловскаго
_d[1861]
215 _a3, 179 с.
_d34 см
300 _aОписано по обл. и сведениям перед нот. текстом
313 _aСистематизация документа проведена по изданию - Методика классифицирования музыкальных произведений (нотных изданий) по таблицам Библиотечно-библиографических классификаций : метод. рекомендации / Гос. б-ка СССР им. В.И. Ленина.- М., 1977. Индексу ББК методических рекомендаций присваивается код ББК для научных библиотек - LBC/SL
316 _6b02899
_aНа обл. штамп: Музыкальный магазин "Северная лира" 18 апр. 1911
_5NLR: М 4/435
316 _6b03899
_aЭкз. деф.: отсутствуют 3 с.
_5NLR: М 4/435а
317 _6b03899
_6z05703
_aНа форзаце штамп: Нотн. библ. М. А. Балакирева
_5NLR: М 4/435а
325 _aКопия доступна в Электрон. б-ке РНБ
606 1 _aОперы русские
_yРоссия
_z19-20 вв.
_2nlr_sh
686 _aЩ971(28)Фп
_vLBC/SL
_2rubbk
700 1 _4230
_7ca
_8rus
_aВильбоа
_bК. П.
_f1817-1882
_gКонстантин Петрович
_9235178
_3RU\NLR\AUTH\770235234
703 1 _6z05317
_6z04790
_aБалакирев
_bМ.А.
_f1837-1910
_gМилий Алексеевич
_4390
790 1 _4230
_7ba
_8rus
_aVil'boa
_bK. P.
_f1817-1882
_gKonstantin Petrovič
_9235054
_3RU\NLR\AUTH\770235110
790 1 _6z04703
_aBalakirev
_bM. A.
_f1837-1910
_gMilij Alekseevič
_4390
_7ba
801 0 _aRU
_bNLR
_c20181204
_gPSBO
801 1 _aRU
_bNLR
_c20181204
_2rusmarc
801 2 _aRU
_bNLR
_c20181204
852 _6b02316
_aNLR
_bМ
_j4/435
_p36365
_t1
852 _6b03316
_6b03317
_aNLR
_bМ
_j4/435а
_p87422
_t2
942 _cSCORE
980 _aNB
980 _aONIZ
981 2 4 _a(24) Нотные издания и аудиозаписи
_b(24) Оперы, оперетты